Existuje mužský prechod?

Podrobná bibliografia
Hlavný autor: Kubiš, Ivan (Autor)
Médium: Článok
Jazyk:slovenčina
ISSN:1336-0426
Predmet:

MARC

LEADER 00000nab a2200000 a 4500
001 vtls008414085
003 SK-MaSNL
005 20260304141454.0
008 250505c2005 xo 0 slo
015 |a SNBCL2005/5 
035 |a SLK034764 
035 |a urn:nbn:sk:snk-ab6x71 
035 |a (uuid)d28680e7-e9b2-415d-8456-894d9b811ab2 
035 |a (urnnbn)urn:nbn:sk:snk:ar-a064dg 
035 |a (sysno)vtls008414085 
040 |a SNKBUCL  |b slo  |c SNKBUCL  |e AACR2 
041 0 |a slo 
044 |a xo  |c SK 
080 |a 616.693  |2 1981 
100 1 |a Kubiš, Ivan  |4 aut  |9 192816 
245 1 0 |a Existuje mužský prechod?  |c Ivan Kubiš 
650 0 7 |a andropauza  |x fyziológia  |2 MESH  |9 1459409 
650 0 7 |a testosterón  |x deficit  |2 MESH  |9 1459410 
650 0 7 |a libido  |x fyziológia  |2 MESH  |9 1459411 
650 0 7 |a únava  |x etiológia  |2 MESH  |9 1458022 
650 0 7 |a sexualita  |x klasifikácia  |2 MESH  |9 1432653 
773 0 |t Diabetik  |g Roč. 4, č. 4 (2005), s. 37-38  |x 1336-0426 
850 |a Slovenská národná knižnica 
852 |a Slovenská národná knižnica 
954 |a odborná, vedecká literatúra pôvodná (slovenská)  |2 lita 
958 |a article27 
958 |a OND 
958 |a EUIPO 
999 |c 2918800  |d 2920730